Stručné dějiny římské literatury pro střední školy /

Main Author: Stiebitz, Ferdinand, 1894-1961
Language: Czech
Published: V Praze : Jednota českých matematiků a fysiků, 1936
Physical Description: 239, xxiii s.
Book
Saved in:
LEADER 00725nam a2200193 a 4500
001 000608700
003 CZ BrMZK
005 20081120142607.0
008 020701s1936 xr f cze d
040 |a BOA001  |b cze  |c BOA001 
100 1 |a Stiebitz, Ferdinand,  |d 1894-1961  |7 jk01121191  |4 aut 
245 1 0 |a Stručné dějiny římské literatury pro střední školy /  |c Ferdinand Stiebitz 
260 |a V Praze :  |b Jednota českých matematiků a fysiků,  |c 1936 
300 |a 239, xxiii s. 
910 |a BOA001  |b PK-II-0012.612 
964 |a Literatura římská - dějiny - učebnice - školy střední 
990 |a BK 
991 |b 200811 
996 7 |b 3119689109  |c PK-II-0012.612  |l MZK  |r Sklad / do 1 hodiny  |n 1  |w 000608700  |u 000010  |a 1  |e BOA001  |j MZK50  |s A